Elements for AP Chem - Statistics

General Stats
  • This quiz has been taken 69 times
  • The average score is 52 of 65
Answer Stats
Element Symbol Answer % Correct
C Carbon
100%
He Helium
100%
Li Lithium
100%
N Nitrogen
100%
O Oxygen
100%
B Boron
98%
Ca Calcium
98%
H Hydrogen
98%
Mg Magnesium
98%
K Potassium
98%
Al Aluminum
96%
Be Beryllium
96%
Cl Chlorine
96%
F Fluorine
96%
Na Sodium
96%
P Phosphorus
94%
Si Silicon
94%
Ar Argon
92%
Ne Neon
92%
S Sulfur
92%
Zn Zinc
90%
Cu Copper
88%
Fe Iron
88%
Kr Krypton
88%
Br Bromine
86%
Au Gold
86%
Mn Manganese
86%
Ni Nickel
86%
Fr Francium
84%
Ti Titanium
84%
Co Cobalt
82%
I Iodine
82%
Se Selenium
82%
Ag Silver
82%
U Uranium
82%
Xe Xenon
82%
As Arsenic
80%
Cr Chromium
80%
Ga Gallium
80%
Rb Rubidium
80%
Y Yttrium
80%
Ge Germanium
78%
Pb Lead
78%
Sc Scandium
78%
Hg Mercury
76%
V Vanadium
73%
Ba Barium
71%
Ra Radium
71%
Sr Strontium
71%
Sn Tin
71%
Cd Cadmium
67%
Pt Platinum
67%
Cs Cesium
65%
Rn Radon
65%
Zr Zirconium
65%
Pd Palladium
63%
In Indium
61%
Pu Plutonium
59%
Mo Molybdenum
57%
Sb Antimony
55%
Rh Rhodium
55%
Te Tellurium
55%
Ru Ruthenium
51%
Tc Technetium
49%
Nb Niobium
47%
No matching quizzes found
Score Distribution
Percent of People with Each Score
Percentile by Number Answered
Your Score History
You have not taken this quiz